000
00270nam a2200121Ia 4500
008
190216s9999||||xx |||||||||||||| ||und||
100
_a
Raj Jain
245
0
_a
Insight Into Flowchart
260
_b
S Chand & Co
_c
1991
300
_a
202p
650
_a
Computer
942
_c
BK
999
_c
8380
_d
8380